000 01289cas a22002895a 4500
001 L148105
008 090728c2009 xxkqu2wss s 000 eng d
035 _a(Sirsi) u148105
041 0 _aeng
110 2 _aNottingham Trent University
_bSchool of Architecture, Design and the Built Environment
_95777
245 0 0 _aHouses!
_h[electronic resource]
260 _aNottingham
_bNottingham Trent University
_c2009-
362 0 _a(1) July 2009-
362 0 _a(2) October 2009
362 0 _a(3) January 2010
362 0 _a(4) April 2010
362 0 _a(5) August 2010
362 0 _a(6) Winter 2010
362 0 _a(7) April 2011
520 _aThis newsletter examines in details the residential property market in the United Kingdom and presents economic trends. It includes many statistics and an explanation of specialised terms. The first issue is of July 2009.
554 _aIrregular
651 4 _aUnited Kingdom
_y
690 _aPROPERTY-RESIDENTIAL PROPERTY-RESIDENTIAL PROPERTY MARKET
710 2 _aNottingham Trent University
_bNottingham Business School
_bNottingham Economics
_95778
856 4 0 _uhttps://www.ntu.ac.uk/adbe/news_events/residential_property_advice/index.html?campaignid=propertynewsletter
_zView the newsletter free of charge at www.ntu.ac.uk
942 _n0
999 _c119234
_d119234